000 00719nam a2200205 a 4500
001 000042219
005 20240307073942.0
008 110408s2013 dr r 000 0 spa d
040 _aDO-SdBNP
_bspa
_cBNPHU
082 _a378.1012
_bI59r, 2013
110 2 _aInstituto Tecnológico de Santo Domingo
_978911
245 1 0 _aReglamento académico de grado.
260 _aSanto Domingo :
_bINTEC,
_c2013.
300 _a76 p. ;
_c22 cm.
500 _aIncluye referencias bibliográficas y notas al pie de las páginas.
590 _aInventariado, 2018/BT
610 0 _aINSTITUTO TECNOLÓGICO DE SANTO DOMINGO
_vREGLAMENTOS
_91629
650 4 _aUniversidades
_vREGLAMENTOS
_91627
910 _aValidado. Control de calidad. MFF
999 _c41708
_d41708